Introduction to Commutative Algebra /

שמור ב:
מידע ביבליוגרפי
מחבר ראשי: Atiyah, M. F.
מחברים אחרים: Macdonald, I. G.
פורמט: Sách giấy
שפה:English
יצא לאור: Reading, Massachusetts : Addison-Wesley , 1969
תגים: הוספת תג
אין תגיות, היה/י הראשונ/ה לתייג את הרשומה!
Thư viện lưu trữ: Thư viện Trường Đại học Đà Lạt
LEADER 00633nam a2200253 4500
001 DLU020011257
005 ##12/29/1999
041 # # |a eng 
082 # # |a 512.24  |b AT-M 
090 # # |a 512.24  |b AT-M 
100 # # |a Atiyah, M. F. 
245 # # |a Introduction to Commutative Algebra /  |c Atiyah M. F., Macdonald I. G. 
260 # # |a Reading, Massachusetts :  |b Addison-Wesley ,  |c 1969 
300 # # |a VIII, 128 tr.;   |c 24 cm. 
700 # # |a Macdonald, I. G. 
992 # # |a 2500 
994 # # |a DLU 
900 # # |a False 
911 # # |a Administrator 
925 # # |a G 
926 # # |a A 
927 # # |a SH 
980 # # |a Thư viện Trường Đại học Đà Lạt